|
|
|
|
| LEADER |
02118cas a2200289 a 4500 |
| 001 |
AALejournalIMF023036 |
| 008 |
230101c9999 xx r poo 0 0eng d |
| 020 |
|
|
|c 20.00 USD
|
| 020 |
|
|
|z 9798400219702
|
| 022 |
|
|
|a 1934-7685
|
| 040 |
|
|
|a BD-DhAAL
|c BD-DhAAL
|
| 110 |
2 |
|
|a International Monetary Fund.
|b Statistics Dept.
|
| 245 |
1 |
0 |
|a Lao People's Democratic Republic :
|b Technical Assistance Report on Government Finance Statistics Mission (October 4-29, 2021).
|
| 264 |
|
1 |
|a Washington, D.C. :
|b International Monetary Fund,
|c 2022.
|
| 300 |
|
|
|a 1 online resource (21 pages)
|
| 490 |
1 |
|
|a IMF Staff Country Reports
|
| 500 |
|
|
|a <strong>Off-Campus Access:</strong> No User ID or Password Required
|
| 500 |
|
|
|a <strong>On-Campus Access:</strong> No User ID or Password Required
|
| 506 |
|
|
|a Electronic access restricted to authorized BRAC University faculty, staff and students
|
| 520 |
3 |
|
|a In consultation with the Ministry of Finance (MOF) of Lao PDR, a virtual technical assistance (TA) mission supported by the IMF's Asia and Pacific Department (APD) was conducted during October 4-29, 2021, by the IMF Statistics Department (STA) and the Capacity Development Office in Thailand (CDOT). This ongoing peripatetic capacity development mission was delivered virtually by the CDOT-based LTX with staggered remote meetings. The TA mainly worked with the Fiscal Policy and Law Department (FPLD) and the External Finance and Debt Management Department (EFDMD) on compilation of government finance statistics (GFS) and public sector debt statistics (PSDS) in line with international standards, as the agreed work plan with the authorities in the April/May 2021 TA mission.
|
| 538 |
|
|
|a Mode of access: Internet
|
| 650 |
|
7 |
|a International Agreements and Observance
|2 imf
|
| 650 |
|
7 |
|a International Organizations
|2 imf
|
| 650 |
|
7 |
|a Monetary Policy
|2 imf
|
| 651 |
|
7 |
|a Lao People's Democratic Republic
|2 imf
|
| 830 |
|
0 |
|a IMF Staff Country Reports; Country Report ;
|v No. 2022/261
|
| 856 |
4 |
0 |
|z Full text available on IMF
|u https://elibrary.imf.org/openurl?genre=journal&issn=1934-7685&volume=2022&issue=261
|z IMF e-Library
|